MARC

LEADER 00000nam0a2200000 4500
001 251765
005 20231101232703.0
010 |b 5000 экз. 
035 |a (RuTPU)RU\TPU\book\274075 
035 |a RU\TPU\book\238743 
090 |a 251765 
100 |a 20140225d1967 m y0rusy50 ca 
101 0 |a rus 
102 |a RU 
105 |a c z 001zy 
200 1 |a Очередные задачи Советской власти  |f В. И. Ленин 
210 |a Москва  |c Советская Россия  |d 1967 
215 |a 180 с.  |c портр.  |d 11 см. 
320 |a Примечания: с. 159-180. 
610 1 |a Россия 
610 1 |a история 
610 1 |a Советская власть 
610 1 |a социалистическое строительство 
610 1 |a социалистическая революция 
610 1 |a Великая Октябрьская социалистическая революция 
610 1 |a миниатюрные издания 
675 |a 3К23  |v 3 
686 |a Ч611.68  |2 rubbk 
700 1 |a Ленин  |b В. И.  |c настоящая фамилия Ульянов  |c российский политический деятель  |f 1870-1924  |g Владимир Ильич  |2 stltpush  |3 (RuTPU)RU\TPU\pers\1074  |9 486 
801 1 |a RU  |b 63413507  |c 20060310  |g PSBO 
801 2 |a RU  |b 63413507  |c 20140225  |g PSBO 
942 |c BK